Normal view
MARC view
Entry Topical Term
001 - CONTROL NUMBER
- control field: 21808
003 - CONTROL NUMBER IDENTIFIER
- control field: ARRUPE
005 - DATE AND TIME OF LATEST TRANSACTION
- control field: 20160126115625.0
008 - FIXED-LENGTH DATA ELEMENTS
- fixed length control field: 160126|| aca||aabn | a|a d
040 ## - CATALOGING SOURCE
- Original cataloging agency: ARRUPE
- Transcribing agency: ARRUPE
150 ## - HEADING--TOPICAL TERM
- Topical term or geographic name as entry element:
- General subdivision: Description and travel
- Geographic subdivision: Gaza Province (Mozambique)
670 ## - SOURCE DATA FOUND
- Source citation: Work cat.: (ARRUPE): Gillmore, Parker 9046, Through Gasa land and the land of the Portuguese aggression , 1890